[Event "31st Cappelle Open 2015"]
[Site "Cappelle la Grande FRA"]
[Date "2015.03.01"]
[Round "2.10"]
[White "Vidit, Santosh Gujrathi"]
[Black "Hasangatin, Ramil"]
[Result "1/2-1/2"]
[WhiteTitle "GM"]
[BlackTitle "GM"]
[WhiteElo "2617"]
[BlackElo "2501"]
[WhiteFideId "5029465"]
[BlackFideId "4122160"]
[EventDate "2015.02.28"]

1. d4 Nf6 2. c4 e6 3. Nf3 b6 4. g3 Bb4+ 5. Nbd2 c5 6. Bg2 Bb7 7. dxc5 Bxc5 8.
O-O O-O 9. a3 Be7 10. Re1 d6 11. e4 Qc7 12. b4 Nc6 13. Bb2 Nd7 14. Rc1 Bf6 15.
Bxf6 Nxf6 16. Nb3 Rfd8 17. Nfd4 Rac8 18. f4 Nxd4 19. Nxd4 a6 20. Qd3 Qb8 21. Qe3
Qa8 22. Nb3 Qa7 23. h3 Ba8 24. Red1 Qc7 25. g4 e5 26. fxe5 dxe5 27. c5 bxc5 28.
Nxc5 Qb6 29. Kh2 a5 30. Rxd8+ Rxd8 31. Qc3 axb4 32. axb4 h6 33. Ra1 Bb7 34. Qxe5
Qxb4 35. Ra7 Bc6 36. Qc7 Qb8 37. e5 Qxc7 38. Rxc7 Bxg2 39. exf6 Bd5 40. fxg7
Kxg7 41. Nd3 Be4 42. Nf4 Rd2+ 43. Kg3 Bg6 44. Nxg6 1/2-1/2

[Event "31st Cappelle Open 2015"]
[Site "Cappelle la Grande FRA"]
[Date "2015.03.01"]
[Round "2.11"]
[White "Wirig, Anthony"]
[Black "Fier, Alexandr"]
[Result "1/2-1/2"]
[WhiteTitle "GM"]
[BlackTitle "GM"]
[WhiteElo "2484"]
[BlackElo "2612"]
[WhiteFideId "615013"]
[BlackFideId "2107139"]
[EventDate "2015.02.28"]

1. c4 g6 2. g3 Bg7 3. Bg2 c5 4. e3 Nc6 5. Nc3 h5 6. h3 d6 7. Nge2 e5 8. a3 a5 9.
Nd5 Nge7 10. Nec3 Nxd5 11. Nxd5 f5 12. d3 O-O 13. Qe2 Be6 14. Bd2 Bf7 15. g4
hxg4 16. hxg4 Qg5 17. O-O-O e4 18. dxe4 fxg4 19. f4 gxf3 20. Bxf3 Bxd5 21. exd5
Qf6 22. Bc3 Qxf3 23. Qxf3 Rxf3 24. Bxg7 Kxg7 25. dxc6 Rf6 26. cxb7 Rb8 27. Rd2
Rxb7 28. Rdh2 Rff7 29. Kc2 Kf6 30. Rf1+ Ke6 31. Rg1 Rf6 32. Rhg2 Kf7 33. b3 Re7
34. Rg3 Rf2+ 35. Kd3 Re6 36. R1g2 Rf5 37. b4 cxb4 38. axb4 axb4 39. Rb2 g5 40.
Rxb4 Rg6 41. Rb5 Kf6 42. Ke4 Rf1 1/2-1/2

[Event "31st Cappelle Open 2015"]
[Site "Cappelle la Grande FRA"]
[Date "2015.03.01"]
[Round "2.12"]
[White "L'Ami, Erwin"]
[Black "Bailet, Pierre"]
[Result "1/2-1/2"]
[WhiteTitle "GM"]
[BlackTitle "IM"]
[WhiteElo "2606"]
[BlackElo "2496"]
[WhiteFideId "1007998"]
[BlackFideId "655830"]
[EventDate "2015.02.28"]

1. d4 d5 2. c4 c6 3. Nc3 Nf6 4. Nf3 dxc4 5. a4 Bf5 6. e3 e6 7. Bxc4 Bb4 8. O-O
Nbd7 9. Qe2 O-O 10. e4 Bg6 11. Bd3 Bh5 12. e5 Nd5 13. Nxd5 cxd5 14. Qe3 Be7 15.
Ng5 Bxg5 16. Qxg5 Bg6 17. Bxg6 fxg6 18. a5 Nb8 19. Qxd8 Rxd8 20. Be3 Rc8 21.
Rfc1 Nc6 22. Rc3 a6 23. Rac1 Kf7 24. b4 Ke7 25. Rb1 Na7 26. Rc5 Kd7 27. Kf1 Nb5
28. Ra1 Rf8 29. Ke2 Rac8 30. f3 h6 31. Kd3 Rc7 1/2-1/2

[Event "31st Cappelle Open 2015"]
[Site "Cappelle la Grande FRA"]
[Date "2015.03.02"]
[Round "3.1"]
[White "Spraggett, Kevin"]
[Black "Kovalenko, Igor"]
[Result "0-1"]
[WhiteTitle "GM"]
[BlackTitle "GM"]
[WhiteElo "2539"]
[BlackElo "2656"]
[WhiteFideId "2600013"]
[BlackFideId "14117908"]
[EventDate "2015.02.28"]

1. c4 e5 2. Nc3 Bb4 3. Nd5 a5 4. a3 Be7 5. d4 d6 6. Nf3 Nd7 7. e3 Ngf6 8. Nc3
O-O 9. Be2 Re8 10. O-O c6 11. b3 e4 12. Ne1 Nf8 13. f4 exf3 14. Bxf3 d5 15. Nd3
Ng6 16. g3 Be6 17. c5 Qd7 18. Nf2 Bd8 19. Ra2 Bc7 20. Ne2 Bf5 21. Nf4 Ne4 22.
Nxe4 Bxe4 23. Bxe4 Rxe4 24. Qh5 Bxf4 25. gxf4 f5 26. Rg2 Qf7 27. Rg5 Ne7 28. Qh3
Re6 29. Kh1 Rg6 30. Rfg1 Qe6 31. Qf3 a4 32. b4 Rf8 33. h3 Rxg5 34. Rxg5 Rf6 35.
Kh2 h6 36. Rg2 Rg6 37. Rf2 Nc8 38. Qd1 b5 39. Qf3 Ne7 40. Bd2 Kh7 41. Rf1 Qe4
42. Qxe4 dxe4 43. Bc1 Nd5 44. Bd2 Kg8 45. Rc1 Kf7 46. Rf1 Re6 47. Rg1 Re8 48.
Rf1 Kf6 49. h4 Kf7 50. Kg3 Nf6 51. Bc3 Ng4 52. Bd2 Ke6 53. Rc1 Kd5 54. Rc2 Re6
55. h5 Re8 56. Bc1 Rg8 57. Kh4 g5+ 58. hxg6 Rxg6 59. Kh5 Rg8 60. Bd2 Nf6+ 0-1

[Event "31st Cappelle Open 2015"]
[Site "Cappelle la Grande FRA"]
[Date "2015.03.02"]
[Round "3.2"]
[White "Vovk, Andrey"]
[Black "Nevednichy, Vladislav"]
[Result "1/2-1/2"]
[WhiteTitle "GM"]
[BlackTitle "GM"]
[WhiteElo "2642"]
[BlackElo "2557"]
[WhiteFideId "14114470"]
[BlackFideId "1205730"]
[EventDate "2015.02.28"]

1. e4 e6 2. d4 d5 3. Nd2 c5 4. exd5 Qxd5 5. dxc5 Bxc5 6. Ngf3 Nf6 7. Bd3 O-O 8.
Qe2 Nbd7 9. Nb3 Bb6 10. Be3 Bxe3 11. Qxe3 Ng4 12. Qe2 Nge5 13. O-O-O Nxd3+ 14.
Rxd3 Qb5 15. Rhd1 a5 16. Qe3 a4 17. Nbd4 Qb6 18. Nd2 a3 19. b3 Nf6 20. Qe5 Ng4
21. Qe2 e5 22. h3 Nxf2 23. Qxf2 exd4 24. Rxd4 Be6 25. Ne4 Qc7 26. R1d3 Qe5 27.
Nd6 h5 28. Qe3 Qf6 29. Qf4 Qxf4+ 30. Rxf4 Rfd8 31. Rfd4 Rd7 32. c4 Kh7 33. Kd2
Rc7 34. Kc3 g5 35. Kb4 h4 36. Re3 Kh6 37. Re5 b6 38. Ne4 Rg8 39. Rd6 Rg6 40.
Rxb6 g4 41. Rbb5 Bd7 42. Rh5+ Kg7 43. Rbg5 f5 44. Nd6 Rxg5 45. Rxg5+ Kf6 46. Rh5
g3 47. c5 Bc6 48. Rxf5+ Ke6 49. Rh5 Bxg2 50. Rh6+ Kd5 51. Rh5+ Ke6 52. Rh6+ Kd5
53. Rh5+ Ke6 54. Rxh4 Bf3 55. Ne4 Rg7 56. Nxg3 Rxg3 57. Kxa3 Kd5 58. Kb4 Kc6 59.
Rh6+ Kc7 60. Rh7+ Kc6 61. Rh6+ Kc7 62. Ka5 Be4 63. Re6 Bb1 64. Re2 Rxh3 65. Rb2
Be4 66. Rd2 Kc6 67. Kb4 Bd3 68. Rf2 Rh4+ 69. Kc3 Bh7 70. Rg2 Kxc5 71. Rg5+ Kc6
72. Rg2 Be4 73. Re2 Kc5 74. Rd2 Rh3+ 75. Kb2 Bh7 76. Rg2 Kd4 77. Rd2+ Bd3 78.
Rg2 Rh4 79. Rf2 Rh1 80. Rg2 Be4 81. Re2 Kd3 82. Rc2 Ke3 83. Rc1 Rh2+ 84. Ka3 Bd3
85. Rc3 Kd4 86. Rc1 Rg2 87. Rd1 Kc3 88. Rc1+ Bc2 89. Rh1 Rg6 90. Rh3+ Bd3 91.
Rh4 Rf6 92. Rg4 Rh6 93. Rf4 Rh2 94. Rf3 Kd4 95. Rg3 Bb1 96. Rg4+ Kd5 97. Rg5+
Kd6 98. Rg1 Rxa2+ 99. Kb4 Be4 100. Rd1+ Bd5 101. Rd3 Rc2 102. Rc3 Rd2 103. Rh3
Rd4+ 104. Kc3 Rg4 105. Rh6+ Kc5 106. Rh3 Rg2 107. Re3 Rg1 108. Rh3 Rb1 109. Kc2
Be4+ 110. Kc3 Rc1+ 111. Kb2 Rc2+ 112. Ka3 Kd4 113. Kb4 Rc8 114. Rh4 Re8 115. Rh3
Rf8 116. Ka3 Bd3 117. Kb2 Rf2+ 118. Ka3 Rf8 119. Kb2 Rg8 120. Rh4+ Be4 121. Rh3
Bd5 122. Ka3 Be6 123. Rf3 Rg5 124. Kb2 Bf5 125. Ka3 Bd3 126. Kb2 Rg2+ 127. Ka3
Rg7 128. Kb2 Rg1 129. Rh3 1/2-1/2

[Event "31st Cappelle Open 2015"]
[Site "Cappelle la Grande FRA"]
[Date "2015.03.02"]
[Round "3.3"]
[White "Djukic, Nikola"]
[Black "Onischuk, Vladimir"]
[Result "0-1"]
[WhiteTitle "GM"]
[BlackTitle "GM"]
[WhiteElo "2529"]
[BlackElo "2629"]
[WhiteFideId "922412"]
[BlackFideId "14114038"]
[EventDate "2015.02.28"]

1. e4 d6 2. d4 Nf6 3. Nc3 g6 4. f4 Bg7 5. Nf3 O-O 6. Bd3 Na6 7. O-O c5 8. d5 Rb8
9. Qe2 Bg4 10. Bxa6 bxa6 11. Qxa6 Qc7 12. Nd2 Nh5 13. Qd3 Bc8 14. Nc4 Ba6 15. b3
Qc8 16. Bd2 Bd4+ 17. Kh1 Qg4 18. Rae1 f5 19. Ne2 Bg7 20. exf5 gxf5 21. Rf3 Bf6
22. h3 Qg6 23. g4 fxg4 24. Qxg6+ hxg6 25. hxg4 Bh4 26. gxh5 Bxe1 27. Bxe1 Bxc4
28. bxc4 Rb1 29. Rf1 gxh5 30. Kg2 Rfb8 31. Kf2 R8b2 32. Rg1+ Kf7 33. Rg3 Rxc2
34. Bc3 Rh1 35. Kg2 Rh4 36. Re3 Rxf4 37. Kh3 Rf2 0-1

[Event "31st Cappelle Open 2015"]
[Site "Cappelle la Grande FRA"]
[Date "2015.03.02"]
[Round "3.4"]
[White "Bachmann, Axel"]
[Black "Rychagov, Andrey"]
[Result "1-0"]
[WhiteTitle "GM"]
[BlackTitle "GM"]
[WhiteElo "2601"]
[BlackElo "2550"]
[WhiteFideId "3700488"]
[BlackFideId "4119932"]
[EventDate "2015.02.28"]

1. Nf3 d5 2. c4 e6 3. d4 Nf6 4. Nc3 Be7 5. Bf4 O-O 6. e3 Nbd7 7. cxd5 Nxd5 8.
Nxd5 exd5 9. Bd3 Bb4+ 10. Nd2 c5 11. a3 Bxd2+ 12. Qxd2 cxd4 13. exd4 Re8+ 14.
Be3 Nb6 15. b3 Qf6 16. O-O Bf5 17. Bxf5 Qxf5 18. Rac1 Rec8 19. Rxc8+ Nxc8 20.
Rc1 Ne7 21. Qa5 Nc6 22. Qc7 Qc8 23. Qg3 Qf5 24. b4 Rc8 25. h3 a6 26. Rc5 b6 27.
Bh6 g6 28. Rc3 Ne7 29. Qd6 1-0

[Event "31st Cappelle Open 2015"]
[Site "Cappelle la Grande FRA"]
[Date "2015.03.02"]
[Round "3.5"]
[White "Petkov, Vladimir"]
[Black "Vazquez Igarza, Renier"]
[Result "1/2-1/2"]
[WhiteTitle "GM"]
[BlackTitle "GM"]
[WhiteElo "2517"]
[BlackElo "2592"]
[WhiteFideId "2901188"]
[BlackFideId "3503054"]
[EventDate "2015.02.28"]

1. d4 Nf6 2. c4 e6 3. Nc3 Bb4 4. Nf3 b6 5. Qb3 c5 6. Bg5 Bb7 7. e3 h6 8. Bh4 O-O
9. Be2 cxd4 10. Qxb4 Na6 11. Qa3 dxc3 12. Qxc3 Nc5 13. O-O Nce4 14. Qd4 Qc7 15.
Rfd1 Rad8 16. Rac1 d6 17. b3 e5 18. Qb2 Rfe8 19. Ne1 g5 20. Bg3 Kg7 1/2-1/2

[Event "31st Cappelle Open 2015"]
[Site "Cappelle la Grande FRA"]
[Date "2015.03.02"]
[Round "3.6"]
[White "Pacher, Milan"]
[Black "Kovchan, Alexander"]
[Result "0-1"]
[WhiteTitle "IM"]
[BlackTitle "GM"]
[WhiteElo "2432"]
[BlackElo "2576"]
[WhiteFideId "14907445"]
[BlackFideId "14103052"]
[EventDate "2015.02.28"]

1. d4 Nf6 2. c4 g6 3. Nc3 d5 4. cxd5 Nxd5 5. e4 Nxc3 6. bxc3 Bg7 7. Bc4 Nd7 8.
Ne2 Nf6 9. f3 O-O 10. O-O b6 11. a4 Bb7 12. a5 c6 13. Qb3 b5 14. e5 bxc4 15.
Qxb7 Nd5 16. Rd1 Qc8 17. Qxc8 Rfxc8 18. Ra4 Rab8 19. Rxc4 Rb1 20. Ra4 c5 21.
dxc5 e6 22. c4 Ne3 23. Rd3 Nc2 24. Kf2 Bxe5 25. Bh6 Nb4 26. Rd7 Rb3 27. Nc1 Rb2+
28. Rd2 Rb1 29. Nd3 Nxd3+ 30. Rxd3 Bxh2 31. a6 Bg1+ 32. Kg3 Bxc5 33. Ra5 Bb6 34.
Rb5 Rh1 35. c5 Bc7+ 36. Bf4 e5 37. Rb7 exf4+ 38. Kf2 Ba5 39. Rdd7 Rxc5 0-1

[Event "31st Cappelle Open 2015"]
[Site "Cappelle la Grande FRA"]
[Date "2015.03.02"]
[Round "3.7"]
[White "Sandipan, Chanda"]
[Black "Wagner, Dennis"]
[Result "1/2-1/2"]
[WhiteTitle "GM"]
[BlackTitle "IM"]
[WhiteElo "2574"]
[BlackElo "2523"]
[WhiteFideId "5004225"]
[BlackFideId "24650684"]
[EventDate "2015.02.28"]

1. d4 Nf6 2. c4 g6 3. Nc3 d5 4. Nf3 Bg7 5. Qb3 dxc4 6. Qxc4 O-O 7. e4 a6 8. e5
b5 9. Qb3 Nfd7 10. Be2 c5 11. e6 fxe6 12. Qxe6+ Kh8 13. dxc5 Ne5 14. Qd5 Qxd5
15. Nxd5 Nxf3+ 16. Bxf3 Bb7 17. Nc7 Bxf3 18. gxf3 Ra7 19. Ne6 Rxf3 20. Ke2 Rf5
21. Nxg7 Kxg7 22. Be3 Rd7 23. Rhd1 Rfd5 24. Rxd5 Rxd5 25. a4 b4 26. Rd1 e6 27.
Rd4 Nc6 1/2-1/2

[Event "31st Cappelle Open 2015"]
[Site "Cappelle la Grande FRA"]
[Date "2015.03.02"]
[Round "3.8"]
[White "Jakubowski, Krzysztof"]
[Black "Grover, Sahaj"]
[Result "0-1"]
[WhiteTitle "GM"]
[BlackTitle "GM"]
[WhiteElo "2559"]
[BlackElo "2519"]
[WhiteFideId "1112848"]
[BlackFideId "5021103"]
[EventDate "2015.02.28"]

1. e4 e5 2. Nf3 Nc6 3. Bb5 a6 4. Ba4 Nf6 5. O-O Bc5 6. d3 b5 7. Bb3 d6 8. a4 Bg4
9. c3 O-O 10. h3 Bxf3 11. Qxf3 Na5 12. Bc2 b4 13. Bg5 h6 14. Bh4 Rb8 15. Nd2
bxc3 16. bxc3 Rb2 17. Rfc1 Qe7 18. Nf1 Qe6 19. Ne3 Bxe3 20. fxe3 Rfb8 21. Ra3
Nd7 22. Bd1 Rd2 23. c4 Nc5 24. Qf1 Nab3 25. Rc3 Rb2 26. Kh2 Nd2 27. Qe1 Nb1 28.
Bg4 Qe8 29. a5 Nxa3 30. Rxa3 Rb1 31. Qg3 Rc1 32. Bf5 Rbb1 33. Qg4 Rh1+ 34. Kg3
Rb2 35. d4 Ne6 36. dxe5 g5 37. exd6 cxd6 38. e5 Ng7 39. Kf3 Rf1+ 0-1

[Event "31st Cappelle Open 2015"]
[Site "Cappelle la Grande FRA"]
[Date "2015.03.02"]
[Round "3.9"]
[White "Perez Ponsa, Federico"]
[Black "Kantans, Toms"]
[Result "1-0"]
[WhiteTitle "GM"]
[BlackTitle "IM"]
[WhiteElo "2558"]
[BlackElo "2464"]
[WhiteFideId "117927"]
[BlackFideId "11602945"]
[EventDate "2015.02.28"]

1. e4 d5 2. exd5 Qxd5 3. Nc3 Qd6 4. d4 g6 5. Nf3 Bg7 6. Ne4 Qb6 7. Bc4 Be6 8. d5
Bf5 9. Ng3 Bg4 10. O-O Nf6 11. Bb3 O-O 12. h3 Bxf3 13. Qxf3 c6 14. Be3 Qc7 15.
c4 Rd8 16. Rfe1 cxd5 17. cxd5 Na6 18. d6 Qxd6 19. Qxb7 Rdb8 20. Qf3 Rc8 21. Rad1
Qb4 22. Bd2 Qc5 23. Ne4 Qf5 24. Qxf5 gxf5 25. Ng5 e6 26. Nxe6 Ne4 27. Nxg7 Kxg7
28. Bd5 Rab8 29. Bxe4 fxe4 30. Bc3+ 1-0

[Event "31st Cappelle Open 2015"]
[Site "Cappelle la Grande FRA"]
[Date "2015.03.02"]
[Round "3.11"]
[White "Areshchenko, Alexander"]
[Black "Papin, Vasily"]
[Result "1/2-1/2"]
[WhiteTitle "GM"]
[BlackTitle "GM"]
[WhiteElo "2661"]
[BlackElo "2515"]
[WhiteFideId "14109530"]
[BlackFideId "4143183"]
[EventDate "2015.02.28"]

1. e4 c5 2. Nf3 e6 3. d4 cxd4 4. Nxd4 a6 5. Nc3 Qc7 6. Be2 b5 7. O-O Bb7 8. Re1
Nc6 9. Nxc6 dxc6 10. e5 Rd8 11. Bd3 c5 12. Qe2 c4 13. Be4 Bxe4 14. Nxe4 Qxe5 15.
Qf3 Bd6 16. Nxd6+ Qxd6 17. Bg5 Ne7 18. Rad1 Qb6 19. Rxd8+ Qxd8 20. Rd1 Qc8 21.
Bxe7 Kxe7 22. Qa3+ Kf6 23. Qc3+ Kg6 24. Qg3+ Kf6 25. h4 g6 26. Rd6 Qc5 27. Qc3+
Ke7 28. Rxe6+ 1/2-1/2

[Event "31st Cappelle Open 2015"]
[Site "Cappelle la Grande FRA"]
[Date "2015.03.02"]
[Round "3.12"]
[White "Baklan, Vladimir"]
[Black "Mastrovasilis, Athanasios"]
[Result "1/2-1/2"]
[WhiteTitle "GM"]
[BlackTitle "GM"]
[WhiteElo "2652"]
[BlackElo "2506"]
[WhiteFideId "14102196"]
[BlackFideId "4201990"]
[EventDate "2015.02.28"]

1. e4 e5 2. Nf3 Nc6 3. Bb5 Nf6 4. d3 Bc5 5. Nbd2 Nd4 6. Nxd4 Bxd4 7. c3 Bb6 8.
d4 Qe7 9. O-O O-O 10. Nc4 Nxe4 11. Re1 d5 12. Nxb6 axb6 13. f3 Nd6 14. Rxe5 Be6
15. Bd3 f6 16. Re1 Qd7 17. Bf4 Rae8 18. Qb3 g6 19. a4 Nc4 20. Qc2 Nd6 21. Qd2
Re7 22. b3 Rfe8 23. h4 Bf5 24. Rxe7 Qxe7 25. Bf1 Bc8 26. Bg3 Qe3+ 27. Qxe3 Rxe3
28. Rc1 Re7 29. c4 Nf5 30. Bf2 dxc4 31. Bxc4+ Kg7 32. b4 Nd6 33. Bb3 Bf5 34. Bg3
Ne8 35. a5 bxa5 36. bxa5 Bd3 37. Bd5 Ba6 38. Re1 Rxe1+ 39. Bxe1 c6 40. Ba2 Nc7
41. Kf2 Nd5 42. Bxd5 1/2-1/2

[Event "31st Cappelle Open 2015"]
[Site "Cappelle la Grande FRA"]
[Date "2015.03.02"]
[Round "4.1"]
[White "Kovalenko, Igor"]
[Black "Kovchan, Alexander"]
[Result "1-0"]
[WhiteTitle "GM"]
[BlackTitle "GM"]
[WhiteElo "2656"]
[BlackElo "2576"]
[WhiteFideId "14117908"]
[BlackFideId "14103052"]
[EventDate "2015.02.28"]

1. c4 c5 2. Nf3 g6 3. d4 cxd4 4. Nxd4 Nc6 5. e4 Nf6 6. Nc3 d6 7. Nc2 Bg7 8. Be2
O-O 9. O-O Nd7 10. Bd2 a5 11. Kh1 Nc5 12. f3 a4 13. Rc1 Bd7 14. Re1 Qb6 15. Bf1
Rfc8 16. Nd5 Qd8 17. Bc3 Bxc3 18. Nxc3 Be6 19. Qd2 Qa5 20. f4 f6 21. Re3 Qd8 22.
Be2 Qf8 23. Na3 Kh8 24. Rf1 Qh6 25. Rg3 Rg8 26. Bg4 Bxg4 27. Rxg4 f5 28. exf5
gxf5 29. Rxg8+ Rxg8 30. Nc2 e5 31. Ne3 Nd4 32. Qd1 Ne4 33. Nxe4 fxe4 34. Rf2 Rf8
35. Ng4 Qh4 36. g3 Qh5 37. fxe5 Rxf2 38. Nxf2 Nf3 39. h4 Qxe5 40. Kg2 h5 41. Qe2
d5 42. cxd5 Qxd5 43. Nxe4 Nd2 44. Qxd2 Qxe4+ 45. Kh2 Kh7 46. a3 Qf5 47. Qe2 b5
48. Qd2 Kg6 49. Qd4 Qc2+ 50. Kg1 Qf5 51. Kg2 Kh7 52. Qf4 Qc2+ 53. Qf2 Qe4+ 54.
Kh2 Qe5 55. Qc2+ Kh6 56. Kg2 Qd5+ 57. Kf2 Qd4+ 58. Kf1 Qd5 59. Qc3 Kg6 60. Kf2
Qe4 61. Qc5 Qe8 62. Qg5+ Kh7 63. Qf6 Qd7 64. Ke3 Qe8+ 65. Kd4 Qc8 66. Qe7+ Kh8
67. Qe5+ Kg8 68. Qg5+ 1-0

[Event "31st Cappelle Open 2015"]
[Site "Cappelle la Grande FRA"]
[Date "2015.03.02"]
[Round "4.2"]
[White "Onischuk, Vladimir"]
[Black "Perez Ponsa, Federico"]
[Result "1-0"]
[WhiteTitle "GM"]
[BlackTitle "GM"]
[WhiteElo "2629"]
[BlackElo "2558"]
[WhiteFideId "14114038"]
[BlackFideId "117927"]
[EventDate "2015.02.28"]

1. e4 c5 2. Nf3 d6 3. d4 cxd4 4. Nxd4 Nf6 5. Nc3 a6 6. a4 e5 7. Nf3 Be7 8. Bc4
Be6 9. Qe2 Qc7 10. Ba2 Nc6 11. Bg5 Nb4 12. Bb3 Rc8 13. Rd1 h6 14. Bxf6 Bxf6 15.
O-O O-O 16. Ne1 Qb6 17. g3 Rfd8 18. Nd3 Nc6 19. Nd5 Bxd5 20. Bxd5 Nd4 21. Qh5
Rxc2 22. Qxf7+ Kh8 23. Qxb7 Qxb7 24. Bxb7 a5 25. Kg2 Nb3 26. Bd5 Rb8 27. h4 Nc5
28. Nxc5 dxc5 29. b3 g5 30. h5 Rd8 31. Rd3 Kg7 32. Rfd1 Rd6 33. Rf3 Rd7 34. Kh3
c4 35. bxc4 Rxc4 36. Bxc4 Rxd1 37. Bd5 Rd2 38. Kg4 Rb2 39. Kf5 Rb6 40. Rc3 Bd8
41. Rc8 Rf6+ 42. Kxe5 Rf8 43. Ke6 g4 44. Rb8 Bc7 45. Rb7 Rf6+ 46. Kd7 Be5 47.
Ra7 Bc3 48. Ke8+ Kh8 49. Rf7 Rb6 50. Rf5 Rb8+ 51. Kd7 Kg7 52. e5 Rf8 53. Rxf8
Kxf8 54. e6 1-0

[Event "31st Cappelle Open 2015"]
[Site "Cappelle la Grande FRA"]
[Date "2015.03.02"]
[Round "4.3"]
[White "Grover, Sahaj"]
[Black "Bachmann, Axel"]
[Result "1/2-1/2"]
[WhiteTitle "GM"]
[BlackTitle "GM"]
[WhiteElo "2519"]
[BlackElo "2601"]
[WhiteFideId "5021103"]
[BlackFideId "3700488"]
[EventDate "2015.02.28"]

1. e4 e5 2. Nf3 Nc6 3. Bc4 Bc5 4. O-O Nf6 5. d3 O-O 6. Nbd2 d6 7. c3 a6 8. Bb3
Ba7 9. h3 Ne7 10. Re1 Ng6 11. Nf1 Nh5 12. d4 Nhf4 13. Bxf4 exf4 14. Qd3 Re8 15.
Bc2 c5 16. dxc5 Bxc5 17. b4 Ba7 18. N1d2 Be6 19. Bb3 Rc8 20. Rac1 Rc7 1/2-1/2

[Event "31st Cappelle Open 2015"]
[Site "Cappelle la Grande FRA"]
[Date "2015.03.02"]
[Round "4.5"]
[White "Nevednichy, Vladislav"]
[Black "Landa, Konstantin"]
[Result "1/2-1/2"]
[WhiteTitle "GM"]
[BlackTitle "GM"]
[WhiteElo "2557"]
[BlackElo "2650"]
[WhiteFideId "1205730"]
[BlackFideId "4101685"]
[EventDate "2015.02.28"]

1. e4 c5 2. Nf3 e6 3. d4 cxd4 4. Nxd4 Nc6 5. Nc3 Qc7 6. Be3 Nf6 7. Ndb5 Qb8 8.
Be2 Be7 9. O-O O-O 10. f4 d6 11. a4 Rd8 12. Qe1 a6 13. Nd4 e5 14. Nxc6 bxc6 15.
fxe5 dxe5 16. Bc4 Qxb2 17. Rb1 Qa3 18. Rb3 Qd6 19. Bb6 Rf8 20. a5 Be6 21. Qe2
Bxc4 22. Qxc4 Qe6 23. Qxe6 fxe6 24. Rd1 c5 25. g3 Rac8 26. h3 h5 27. Rf1 c4 28.
Rbb1 Bc5+ 29. Kg2 Rc6 30. Na4 Be7 31. Rfe1 Nd7 32. Red1 Nf6 33. Re1 Nd7 34. Red1
Nf6 1/2-1/2

[Event "31st Cappelle Open 2015"]
[Site "Cappelle la Grande FRA"]
[Date "2015.03.02"]
[Round "4.6"]
[White "Mekhitarian, Krikor Sevag"]
[Black "Vovk, Andrey"]
[Result "1/2-1/2"]
[WhiteTitle "GM"]
[BlackTitle "GM"]
[WhiteElo "2556"]
[BlackElo "2642"]
[WhiteFideId "2107660"]
[BlackFideId "14114470"]
[EventDate "2015.02.28"]

1. e4 c5 2. Nf3 d6 3. d4 cxd4 4. Nxd4 Nf6 5. Nc3 Nc6 6. Bg5 e6 7. Qd2 a6 8.
O-O-O h6 9. Be3 Bd7 10. f3 Qc7 11. Kb1 b5 12. Ndxb5 axb5 13. Nxb5 Qb8 14. Nxd6+
Bxd6 15. Qxd6 Qxd6 16. Rxd6 O-O 17. Bb5 Rfc8 18. Rhd1 Be8 19. c4 Kh7 20. b3 g5
21. a4 Nh5 22. Kb2 Nf4 23. g3 Nh5 24. Bd4 Nxd4 25. R1xd4 Kg6 26. Ra6 Rab8 27.
Rdd6 Bxb5 28. cxb5 g4 29. fxg4 Nf6 30. Rdb6 Nxe4 31. Rxb8 Rxb8 32. Rc6 Kf6 33.
b6 Ke5 34. a5 Kd5 35. Rc1 Nc5 36. Ka3 e5 37. Rd1+ Kc6 38. b4 Ne6 39. Ka4 Rd8 40.
Re1 Rd2 41. Rxe5 Ra2+ 42. Kb3 Rxh2 43. b5+ Kb7 44. Rd5 Rg2 45. Rd7+ Kc8 46. Rxf7
Rxg3+ 47. Kc4 Rxg4+ 48. Kd5 Nf4+ 49. Kd6 Nd3 50. Rf8+ Kb7 51. Rf7+ Kb8 52. Rh7
Rg6+ 53. Kd5 Rg5+ 54. Kc4 Nb2+ 55. Kb4 Nd3+ 56. Kc4 Nb2+ 57. Kb4 Nd3+ 58. Kc3
Rxb5 59. Kxd3 Rxa5 60. Rxh6 1/2-1/2

[Event "31st Cappelle Open 2015"]
[Site "Cappelle la Grande FRA"]
[Date "2015.03.02"]
[Round "4.7"]
[White "Gabrielian, Artur"]
[Black "Fier, Alexandr"]
[Result "1/2-1/2"]
[WhiteTitle "GM"]
[BlackTitle "GM"]
[WhiteElo "2551"]
[BlackElo "2612"]
[WhiteFideId "4131002"]
[BlackFideId "2107139"]
[EventDate "2015.02.28"]

1. e4 c5 2. c3 Nf6 3. e5 Nd5 4. Bc4 Nb6 5. Bb3 g6 6. Nf3 Bg7 7. O-O O-O 8. a4 c4
9. Bc2 Nc6 10. Re1 d6 11. exd6 Qxd6 12. Na3 Qc5 13. d4 cxd3 14. Bxd3 Rd8 15. Qe2
Bg4 16. Be3 Qd5 17. Bxb6 Bxf3 18. Qxf3 Qxf3 19. gxf3 Rxd3 20. Be3 Rad8 21. Nc4
R3d5 22. a5 a6 23. Kg2 e6 24. f4 Ne7 25. Bb6 Rc8 26. Ne3 Rb5 27. Re2 Nd5 28.
Nxd5 Rxd5 29. Ra4 Kf8 30. Ree4 Ke8 31. Be3 Bf8 32. Re5 Rd1 33. Ree4 Rb1 34. Rac4
Rxc4 35. Rxc4 Kd7 36. b4 Rd1 37. Bd4 Be7 38. Be5 Bd8 39. Bd4 Be7 40. Be5 f6 41.
Bd4 Rd3 42. Bc5 Bxc5 43. Rxc5 h6 44. h4 h5 45. Rc4 Rd5 46. Kg3 e5 47. fxe5 Rxe5
48. Rd4+ Ke7 49. f3 g5 50. c4 Re3 51. Kf2 Rb3 52. c5 gxh4 53. Rxh4 Ke6 54. Ke2
f5 55. Kd2 Kf6 56. Kc2 Rxf3 57. Rxh5 Kg6 58. Rh8 Re3 59. Rg8+ Kf7 60. Rb8 Re7
61. c6 bxc6 62. Rb6 c5 63. bxc5 Re5 64. Kd3 Rxc5 65. Rxa6 1/2-1/2

[Event "31st Cappelle Open 2015"]
[Site "Cappelle la Grande FRA"]
[Date "2015.03.02"]
[Round "4.8"]
[White "L'Ami, Erwin"]
[Black "Arizmendi Martinez, Julen Luis"]
[Result "1-0"]
[WhiteTitle "GM"]
[BlackTitle "GM"]
[WhiteElo "2606"]
[BlackElo "2522"]
[WhiteFideId "1007998"]
[BlackFideId "2205092"]
[EventDate "2015.02.28"]

1. d4 Nf6 2. c4 e6 3. Nc3 Bb4 4. Qc2 O-O 5. a3 Bxc3+ 6. Qxc3 d6 7. e3 b6 8. Be2
Bb7 9. f3 Nbd7 10. Nh3 c5 11. dxc5 Nxc5 12. b4 Ncd7 13. Bb2 Qe7 14. O-O Rfc8 15.
Qd2 Rc7 16. Rac1 Ne8 17. Nf2 Rac8 18. Rfd1 Ndf6 19. e4 Ba6 20. e5 dxe5 21. Bxe5
Rd7 22. Qe1 Rxd1 23. Qxd1 Nd7 24. Bb2 Bb7 25. Qd2 Bc6 26. Ng4 Rd8 27. Qe3 f6 28.
Rd1 Nf8 29. Rxd8 Qxd8 30. Bc3 Nc7 31. f4 Ng6 32. g3 Ne7 33. Qd3 Qxd3 34. Bxd3 h6
35. Kf2 Kf7 36. b5 Bb7 37. a4 Nf5 38. Bb4 Ke8 39. Ne3 Ne7 40. Ba3 a6 41. c5 bxc5
42. b6 Ncd5 43. Nc4 Kd7 44. Na5 c4 45. Be4 1-0